000 00767nam a2200241 a 4500
005 20180803165252.0
008 140127b2007 ck ||||| |||| 00| 0 spa d
040 _aCO-BoIH
_cCO-BoIH
041 _aspa
044 _ack
090 _aIAVH
_b00553
100 1 _aLópez, Luisa Fernanda
_91254
245 1 0 _aDiseño de catálogo, piloto de ventas y guía de calidad de los productos de cestería de los artesanos de Filandia.
260 _aBogotá :
_bInstituto Alexander von Humboldt,
_c2007.
300 _a61 p.
_c28 cm.
500 _aContrato No.07-05-58605-0197PS
650 0 4 _aBiocomercio
_zFilanda (Quindío)
_929086
650 0 4 _aArtesanías
_929087
650 0 4 _aCestería
_9599
650 0 4 _aMercadeo
_992308
942 _2z
_cINFORME
945 _d2007-11-07
999 _c5404
_d5404